AKA a Town in Maryland / RI Quiz Stats

 Plays Quiz not verified by Sporcle

Score 0/9 Timer 04:00
0 Plays Today
Clue City % Correct
Jim ____ of the Alamo, or the knife named after himBowie
100%
Star of National Lampoon's VacationChevy Chase
100%
An unintentional incidentAccident
90.9%
Japan, Land of the _______ ____ Rising Sun
90.9%
Person employed to assist with office tasksSecretary
90.9%
A mythical city of gold in South AmericaEl Dorado
81.8%
A plant whose leaves were used in victory wreathsLaurel
81.8%
A network of burrows made by rabbitsWarren
63.6%
To promote or encourageFoster
18.2%

You're not logged in!

Compare scores with friends on all Sporcle quizzes.
OR
Log In

Show Comments

Extras

Top Quizzes Today


Score Distribution

Your Account Isn't Verified!

In order to create a playlist on Sporcle, you need to verify the email address you used during registration. Go to your Sporcle Settings to finish the process.

Report this User

Report this user for behavior that violates our Community Guidelines.

Details: